000 00557nam a2200169 4500
008 010817s1992 us engYA
020 _a0801010330
090 _aBV3
_bL46b
245 1 0 _aLeadership handbook of practical theology :
_bWord and worship /
_cgeneral editor, James D. Berkley.
260 _aMichigan :
_bBaker,
_cc1992.
300 _axxiv, 499 p.
505 0 _avol. I.
650 4 _aTheology, Practical
_xHandbooks, manuals, etc.
700 1 _aBerkley, James D.
950 0 _19.95
951 _p14742
_oBV3/L46b-I
_j070613110947328
_d2000-12-21
_cREF
999 _c3043
_d3043